Knowledge Economy of the EU: Strengths and Weaknesses

Analýza silných a slabých stránok znalostnej ekonomiky EÚ. Integrálny index znalostnej ekonomiky (KEi - Knowledge Economy index) pre analýzu znalostnej ekonomiky v EÚ. V KEi indexe boli identifikované tri skupiny krajín EÚ.

Saved in:
Bibliographic Details
Main Author: Vovk, Marta
Other Authors: Braga, Denys
Format: Book Chapter
Language:English
Subjects:
Tags: Add Tag
No Tags, Be the first to tag this record!

MARC

LEADER 00000nla a2200000 4500
001 0243940
005 20240502083653.8
041 0 |a eng 
044 |a UA 
245 1 0 |a Knowledge Economy of the EU: Strengths and Weaknesses  |c Marta Vovk, Denys Braga 
520 |a Analýza silných a slabých stránok znalostnej ekonomiky EÚ. Integrálny index znalostnej ekonomiky (KEi - Knowledge Economy index) pre analýzu znalostnej ekonomiky v EÚ. V KEi indexe boli identifikované tri skupiny krajín EÚ. 
610 2 0 |a ekonomika znalostná 
610 2 0 |a Európska únia 
610 2 0 |a indexy 
610 2 0 |a analýza swot 
100 1 |a Vovk, Marta 
700 1 |a Braga, Denys